[Event "Foment Martinenc op-C 20th"]
[Site "Barcelona"]
[Date "2018.05.26"]
[Round "6"]
[White "Pardina Domenech, Victor"]
[Black "Llopart Albareda, Alfons"]
[Result "1-0"]
[WhiteElo "1500"]
[BlackElo "1603"]
[PlyCount "83"]
[EventDate "2018.04.21"]
[EventType "swiss"]
[EventRounds "9"]
[EventCountry "ESP"]
[SourceTitle "CBM 184 Extra"]
[Source "ChessBase"]
[SourceDate "2018.06.28"]
[SourceVersion "1"]
[SourceVersionDate "2018.06.28"]
[SourceQuality "1"]

1. e4 e5 2. Nf3 Nc6 3. Bc4 h6 4. 0-0 Nf6 5. d3 Bc5 6. Nc3 0-0 7. h3 a6 8. a4 Nd4 9. Nxe5 Ne6 10. Nf3 c6 11. Nh2 d5 12. exd5 cxd5 13. Bb3 Nd4 14. Ba2 Nf5 15. Nf3 d4 16. Ne2 Re8 17. Bf4 Nd5 18. Bxd5 Qxd5 19. c3 dxc3 20. Nxc3 Qc6 21. Qc2 Bd6 22. Bxd6 Qxd6 23. Ne4 Qg6 24. g4 Ne7 25. Rfe1 Nc6 26. Nf6+ gxf6 27. Rxe8+ Kg7 28. Qc5 f5 29. Qf8+ Kf6 30. Qh8+ Qg7 31. Qxg7+ Kxg7 32. gxf5 b6 33. Rae1 Bb7 34. Rxa8 Bxa8 35. Re8 Bb7 36. Kg2 Nb4 37. d4 Kf6 38. Rb8 Bd5 39. Rxb6+ Nc6 40. Rxa6 Kxf5 41. Kg3 Nb4 42. Rxh6 1-0

[Event "Foment Martinenc op-C 19st"]
[Site "Barcelona"]
[Date "2017.06.10"]
[Round "8.26"]
[White "Llopart Albareda, Alfons"]
[Black "Vazquez Cortes, Carlos"]
[Result "0-1"]
[WhiteElo "1615"]
[BlackElo "1833"]
[PlyCount "58"]
[EventDate "2017.04.22"]
[EventType "swiss"]
[EventRounds "9"]
[EventCountry "ESP"]
[SourceTitle "EXT 2024"]
[Source "ChessBase"]
[SourceDate "2023.10.10"]
[SourceVersion "1"]
[SourceVersionDate "2023.10.10"]
[SourceQuality "1"]

1. e4 c5 2. Nc3 e6 3. Nf3 d5 4. exd5 exd5 5. d4 c4 6. g3 Nc6 7. Ng5 h6 8. Nh3 Nf6 9. Nf4 Bb4 10. a3 Bxc3+ 11. bxc3 0-0 12. Bg2 Re8+ 13. Ne2 Ne4 14. 0-0 Bf5 15. Rb1 Qd7 16. Bb2 Re7 17. a4 Rae8 18. Nf4 Nd8 19. Ba3 Nxc3 20. Qc1 Ne2+ 21. Nxe2 Rxe2 22. Rb2 c3 23. Bb4 cxb2 24. Qxb2 Rxc2 25. Qb3 Ree2 26. Bxd5 Rb2 27. Bxf7+ Qxf7 28. Qc3 Rec2 29. Qe1 Bh3 0-1

[Event "Foment Martinenc op-C 19st"]
[Site "Barcelona"]
[Date "2017.05.06"]
[Round "3.42"]
[White "Casanova Puig, Antoni"]
[Black "Llopart Albareda, Alfons"]
[Result "0-1"]
[WhiteElo "1684"]
[BlackElo "1615"]
[PlyCount "70"]
[EventDate "2017.04.22"]
[EventType "swiss"]
[EventRounds "9"]
[EventCountry "ESP"]
[SourceTitle "EXT 2024"]
[Source "ChessBase"]
[SourceDate "2023.10.10"]
[SourceVersion "1"]
[SourceVersionDate "2023.10.10"]
[SourceQuality "1"]

1. e4 e5 2. Nf3 Nc6 3. Bc4 h6 4. c3 Na5 5. Nxe5 Nxc4 6. Nxc4 d5 7. exd5 Qxd5 8. Ne3 Qg5 9. Qf3 Bd6 10. 0-0 Nf6 11. d3 Bf4 12. Re1 Bxe3 13. Rxe3+ Kf8 14. Re1 Qc5 15. Be3 Qd6 16. Bf4 Qb6 17. b3 g5 18. Be5 Kg7 19. d4 Kg6 20. Nd2 Re8 21. Ne4 Bg4 22. Qd3 Bf5 23. f3 Bxe4 24. fxe4 Ng4 25. Qf3 Nxe5 26. Rf1 Rad8 27. h3 Rd6 28. Qf5+ Kg7 29. Kh2 Rde6 30. h4 Nd7 31. Rf2 Rf6 32. Qg4 Rxf2 33. hxg5 Qg6 34. Qg3 Re2 35. Rf1 R8xe4 0-1

[Event "Foment Martinenc op-C 19st"]
[Site "Barcelona"]
[Date "2017.04.22"]
[Round "1.22"]
[White "Medinilla Moya, Dafne"]
[Black "Llopart Albareda, Alfons"]
[Result "1-0"]
[WhiteElo "1735"]
[BlackElo "1615"]
[PlyCount "53"]
[EventDate "2017.04.22"]
[EventType "swiss"]
[EventRounds "9"]
[EventCountry "ESP"]
[SourceTitle "EXT 2024"]
[Source "ChessBase"]
[SourceDate "2023.10.10"]
[SourceVersion "1"]
[SourceVersionDate "2023.10.10"]
[SourceQuality "1"]

1. d4 d5 2. Nf3 Bf5 3. Bf4 Nc6 4. e3 a6 5. Bd3 e6 6. 0-0 g6 7. c3 Bg7 8. Qc2 Nf6 9. Nbd2 0-0 10. e4 dxe4 11. Nxe4 Bxe4 12. Bxe4 Nh5 13. Be3 Re8 14. Qb3 Qc8 15. Rfe1 Nf6 16. Bd3 b5 17. a4 Na5 18. Qb4 Nc6 19. Qc5 Qb7 20. axb5 axb5 21. Bxb5 Rxa1 22. Rxa1 Nd7 23. Qxc6 Qxc6 24. Bxc6 Rd8 25. Bxd7 Rxd7 26. Ra8+ Bf8 27. Bh6 1-0

[Event "Foment Martinenc op-C 18th"]
[Site "Barcelona"]
[Date "2016.06.04"]
[Round "7"]
[White "Llopart Albareda, Alfons"]
[Black "Rossell Aran, Joan"]
[Result "0-1"]
[WhiteElo "1621"]
[BlackElo "1762"]
[PlyCount "62"]
[EventDate "2016.04.23"]
[EventType "swiss"]
[EventRounds "9"]
[EventCountry "ESP"]
[SourceTitle "EXT 2017"]
[Source "ChessBase"]
[SourceDate "2016.10.25"]
[SourceVersion "1"]
[SourceVersionDate "2016.10.25"]
[SourceQuality "1"]

1. e4 e5 2. Nf3 Nc6 3. c3 Nf6 4. d3 Bc5 5. Nbd2 Ng4 6. d4 exd4 7. Nb3 Qe7 8. Qd3 dxc3 9. bxc3 Nxf2 10. Be3 Nxd3+ 11. Kd2 Bxe3+ 12. Kxe3 Nc5 13. Bd3 Nxd3 14. Kxd3 b6 15. e5 0-0 16. Rae1 d6 17. Re3 Nxe5+ 18. Nxe5 dxe5 19. Rhe1 f6 20. g4 Rd8+ 21. Ke2 Bxg4+ 22. Kf1 Rd1 23. Rg3 Rxe1+ 24. Kxe1 Qe6 25. h4 Rd8 26. Nd2 Qxa2 27. Nf3 Bxf3 28. Rxf3 Qd2+ 29. Kf1 Qd1+ 30. Kg2 Rd2+ 31. Kg3 Qg1+ 0-1

[Event "Barcelona Catalunya op 26th"]
[Site "Barcelona"]
[Date "2014.10.18"]
[Round "4"]
[White "Villalonga Royo, Lluis"]
[Black "Llopart Albareda, Alfons"]
[Result "1/2-1/2"]
[WhiteElo "1706"]
[BlackElo "1700"]
[PlyCount "77"]
[EventDate "2014.09.27"]
[EventType "swiss"]
[EventRounds "9"]
[EventCountry "ESP"]
[SourceTitle "EXT 2017"]
[Source "ChessBase"]
[SourceDate "2016.10.25"]
[SourceVersion "1"]
[SourceVersionDate "2016.10.25"]
[SourceQuality "1"]

1. Nf3 d6 2. d4 Bf5 3. e3 Nc6 4. c3 d5 5. Nbd2 e6 6. Be2 Bd6 7. Bb5 Nge7 8. Ne5 0-0 9. Nxc6 Nxc6 10. Nf3 Bg4 11. Be2 Ne7 12. Qc2 Bxf3 13. Bxf3 c6 14. e4 Ng6 15. e5 Bc7 16. Bd2 Nh4 17. Rg1 Nxf3+ 18. gxf3 g6 19. 0-0-0 c5 20. Bg5 Qd7 21. Bf6 Bd8 22. Qd2 Bxf6 23. exf6 Qd8 24. Qf4 Kh8 25. Rg3 cxd4 26. cxd4 Rg8 27. Kb1 b5 28. Rh3 g5 29. Qe5 Rg6 30. Rg1 Qg8 31. Rh5 g4 32. Qf4 gxf3 33. Rg3 Rxg3 34. fxg3 Qg6+ 35. Ka1 Qxh5 36. a3 Qf5 37. Qh6 Qg6 38. Qf4 Qf5 39. Qh6 1/2-1/2

[Event "Barcelona Catalunya op 26th"]
[Site "Barcelona"]
[Date "2014.09.27"]
[Round "1"]
[White "Archs Garriga, Ignasi"]
[Black "Llopart Albareda, Alfons"]
[Result "1-0"]
[WhiteElo "1898"]
[BlackElo "1700"]
[PlyCount "35"]
[EventDate "2014.09.27"]
[EventType "swiss"]
[EventRounds "9"]
[EventCountry "ESP"]
[SourceTitle "EXT 2017"]
[Source "ChessBase"]
[SourceDate "2016.10.25"]
[SourceVersion "1"]
[SourceVersionDate "2016.10.25"]
[SourceQuality "1"]

1. c4 e5 2. Nc3 Nf6 3. Nf3 Nc6 4. a3 d5 5. d4 e4 6. cxd5 exf3 7. dxc6 fxe2 8. Qxe2+ Be7 9. cxb7 Bxb7 10. Qb5+ c6 11. Qxb7 0-0 12. Be2 Qxd4 13. Qxe7 Rfe8 14. Qb4 Qd7 15. Be3 Re6 16. Rd1 Qc7 17. 0-0 Rb8 18. Bf4 1-0